Pallone d'Oro - Si o No - Statistics

Statistiche generali
  • Questo quiz è stato fatto 44 volte
    3 dall'ultimo reset
  • Il punteggio medio è 39 su 100
Statistiche sulle risposte
Hint Risposta % Corretto
Johnny Haynes No
100%
Franco Baresi No
100%
Paolo Maldini No
100%
Jürgen Klinsmann No
100%
Fernando Torres No
100%
Neymar No
100%
Andrea Pirlo No
100%
Gerd Müller Si
100%
Johan Cruyff Si
100%
Michael Owen Si
100%
Andriy Shevchenko Si
100%
Kaká Si
100%
John Charles No
50%
Uwe Seeler No
50%
Giacinto Facchetti No
50%
Karl-Heinz Schnellinger No
50%
Jimmy Greaves No
50%
Bobby Moore No
50%
Andreas Brehme No
50%
Éric Cantona No
50%
Jari Litmanen No
50%
David Beckham No
50%
Oliver Kahn No
50%
Frank Lampard No
50%
Steven Gerrard No
50%
Gianluigi Buffon No
50%
Franck Ribéry No
50%
Manuel Neuer No
50%
Antoine Griezmann No
50%
Virgil van Dijk No
50%
Robert Lewandowski No
50%
Jorginho No
50%
Sadio Mané No
50%
Kevin De Bruyne No
50%
Erling Haaland No
50%
Vinícius Júnior No
50%
Jude Bellingham No
50%
Diego Armando Maradona No
50%
Johan Neeskens No
50%
Toni Kroos No
50%
Omar Sívori Si
50%
Lev Yashin Si
50%
Denis Law Si
50%
Eusébio Si
50%
Bobby Charlton Si
50%
Gianni Rivera Si
50%
Franz Beckenbauer Si
50%
Michel Platini Si
50%
Igor Belanov Si
50%
Ruud Gullit Si
50%
Marco van Basten Si
50%
Jean-Pierre Papin Si
50%
Roberto Baggio Si
50%
Hristo Stoičkov Si
50%
George Weah Si
50%
Zinédine Zidane Si
50%
Rivaldo Si
50%
Luís Figo Si
50%
Pavel Nedvěd Si
50%
Ronaldinho Si
50%
Fabio Cannavaro Si
50%
Cristiano Ronaldo Si
50%
Lionel Messi Si
50%
Luka Modrić Si
50%
Karim Benzema Si
50%
Just Fontaine No
0%
Ferenc Puskás No
0%
Kenny Dalglish No
0%
Emilio Butragueño No
0%
Frank Rijkaard No
0%
Dejan Savićević No
0%
Dennis Bergkamp No
0%
Alan Shearer No
0%
Predrag Mijatović No
0%
Davor Šuker No
0%
Raúl No
0%
Roberto Carlos No
0%
Thierry Henry No
0%
Deco No
0%
Xavi No
0%
Andrés Iniesta No
0%
Kylian Mbappé No
0%
Pelè No
0%
Stanley Matthews Si
0%
Alfredo Di Stéfano Si
0%
Raymond Kopa Si
0%
Luis Suárez Si
0%
Josef Masopust Si
0%
Flórián Albert Si
0%
George Best Si
0%
Oleh Blochin Si
0%
Allan Simonsen Si
0%
Kevin Keegan Si
0%
Karl-Heinz Rummenigge Si
0%
Paolo Rossi Si
0%
Lothar Matthäus Si
0%
Matthias Sammer Si
0%
Ronaldo Si
0%
Rodri Si
0%
Ousmane Dembélé
0%
Nessun quiz corrispondente trovato
Distribuzione punteggi
Percentuale di utenti per punteggio
Percentile per numero di risposta
I tuoi punteggi nel tempo
Non hai fatto questo quiz dall'ultimo reset